00279 a2200097 450000500170000002000220001708200160003924500610005526000450011630000200016120250609093844.0 a978-0-87779-551-3 aREF 423 MER aMerriam Websters Advanced Learners English Dictionary  aUsa,bA genuine Merriam- Webster,c2008. a1991p.: c23cm.